000
00282nam a2200109Ia 4500
008
190911s9999||||xx |||||||||||||| ||und||
100
_a
Parker,Marilyn M.
245
0
_a
Strategic Transformation and Information Technology
260
_a
USA
_b
Pearson
_c
1996
300
_a
606
942
_c
BK
999
_c
6959
_d
6959